[Event "Big Slow Lazy Tourney -  Italian Style"]
[Site "SchemingMind.com"]
[Date "2020.01.19"]
[Round "-"]
[White "grabapawn"]
[Black "Chessibelle"]
[Result "1-0"]
[WhiteCountry "USA"]
[BlackCountry "ENG"]
[WhiteElo "1530"]
[WhiteRD "61"]
[BlackElo "1178"]
[BlackRD "53"]
[GameID "450419"]

1. e4 e5 2. Nf3 Nc6 3. Bc4 Be7 4. d4 Nf6 5. Nc3 d6 6. Ng5 Bg4 7. Bxf7+ Kf8 8. f3 Bd7 9. Be6 g6 10. Nf7 Qe8
11. Bh6+ Kg8 12. Nxd6+
1-0